[Event "1st Gujarat GM Open 2018"]
[Site "Ahmedabad"]
[Date "2018.10.09"]
[Round "7"]
[White "Shiva Pavan Teja Sharma U"]
[Black "Kulkarni, Vinayak"]
[Result "*"]
[WhiteElo "2005"]
[BlackElo "2203"]
[Annotator "TA"]
[PlyCount "35"]
[EventDate "2018.10.05"]
[EventType "swiss"]
[EventCountry "IND"]
[SourceTitle "playchess.com"]
[Source "ChessBase"]
[SourceQuality "1"]

{[%evp 15,16,35,41]} 1. e4 d5 2. exd5 Qxd5 3. Nf3 Nf6 4. Nc3 Qd6 5. d4 g6 6. Bc4 Bg7 7. O-O O-O 8. h3 a6 {Predecessor:} 9. a4 $146 c5 10. d5 Nbd7 11. Qe2 Nb6 12. Rd1 Nxc4 13. Qxc4 Bf5 14. Be3 Rfc8 15. a5 b5 16. axb6 Qxb6 17. Na4 Qb5 18. Qxb5 {½-½ (18) Zhigalko,S (2641)-Rakhmanov,A (2653) Riadh 2017} *

[Event "1st Gujarat GM Open 2018"]
[Site "Ahmedabad"]
[Date "2018.10.09"]
[Round "7"]
[White "Manish Anto Cristiano F"]
[Black "Dahale, Atul"]
[Result "*"]
[WhiteElo "1961"]
[BlackElo "2171"]
[Annotator "TA"]
[PlyCount "25"]
[EventDate "2018.10.05"]
[EventType "swiss"]
[EventCountry "IND"]
[SourceTitle "playchess.com"]
[Source "ChessBase"]
[SourceQuality "1"]

{[%evp 14,20,23,-1,58,47,73,64,45]} 1. e4 c5 2. Nf3 d6 3. d4 cxd4 4. Nxd4 Nf6 5. Nc3 a6 6. Bg5 Nbd7 7. f4 h6 8. Bh4 {LiveBook: 7 Games} g6 {B94: Sicilian Najdorf: 6 Bg5 Nbd7} (8... e5 $11 9. Nf5 Qb6) 9. Qd2 Bg7 10. O-O-O O-O {Predecessor:} 11. Nf3 $146 Qc7 12. g4 Nb6 13. h3 {½-½ (44) Sidhant,M (2168)-Dzhumaev,M (2481) New Delhi 2012} *

[Event "1st Gujarat GM Open 2018"]
[Site "Ahmedabad"]
[Date "2018.10.09"]
[Round "7"]
[White "Tanishka Kotia"]
[Black "Ramnathan, Balasubramaniam"]
[Result "*"]
[WhiteElo "1892"]
[BlackElo "2142"]
[Annotator "TA"]
[PlyCount "27"]
[EventDate "2018.10.05"]
[EventType "swiss"]
[EventCountry "IND"]
[SourceTitle "playchess.com"]
[Source "ChessBase"]
[SourceQuality "1"]

{[%evp 16,27,25,15,14,16,31,33,16,11,8,9,15,24]} 1. e4 e5 2. Nf3 Nf6 3. Nxe5 d6 4. Nf3 Nxe4 5. d3 Nf6 6. d4 d5 7. Bd3 Be7 8. O-O O-O 9. h3 b6 {C01: French: Exchange Variation} (9... Nbd7 10. Bf4 Re8 11. Nc3 a6 12. Re1 Nf8 13. Qd2 Ne6 14. Be5 c6 15. Re2 Bd6 16. Rae1 Bxe5 17. Rxe5 Bd7 {1-0 (53) Lagarde,M (2587)-Beerdsen,T (2444) Karlsruhe 2018}) 10. Bf4 Bb7 11. Re1 c5 12. c3 {The position is equal.} Nc6 13. Nbd2 Re8 14. Nf1 $146 ({Predecessor:} 14. Ne5 cxd4 15. Nxc6 Bxc6 16. cxd4 {1-0 (44) Wassner,K (1467)-Narr,I (1327) Zirndorf 2002}) *

[Event "1st Gujarat GM Open 2018"]
[Site "Ahmedabad"]
[Date "2018.10.09"]
[Round "7"]
[White "Trisha Kanyamarala"]
[Black "Singh, D.P."]
[Result "*"]
[WhiteElo "1856"]
[BlackElo "2132"]
[Annotator "TA"]
[PlyCount "13"]
[EventDate "2018.10.05"]
[EventType "swiss"]
[EventCountry "IND"]
[SourceTitle "playchess.com"]
[Source "ChessBase"]
[SourceQuality "1"]

{[%evp 9,13,36,46,38,69,36]} 1. d4 b5 2. e4 Bb7 3. Bxb5 Bxe4 4. Nf3 Nf6 5. Bd3 $146 ({Vorgänger:} 5. O-O e6 6. c4 Be7 7. Nc3 Bg6 8. Ne5 O-O 9. Bf4 Bh5 10. Qd3 Qc8 11. d5 Rd8 12. Rfe1 c6 13. Ba4 cxd5 14. cxd5 {½-½ (52) Shomoev,A (2566)-Ponkratov,P (2582) Tomsk 2011}) 5... Bb7 6. c4 {A40: Verschiedene (seltene) Antworten auf 1.d4} e6 7. Be3 *

[Event "1st Gujarat GM Open 2018"]
[Site "Ahmedabad"]
[Date "2018.10.09"]
[Round "7"]
[White "Zia, Tahsin Tajwar"]
[Black "Jaeel Atharva"]
[Result "*"]
[WhiteElo "1825"]
[BlackElo "2130"]
[Annotator "TA"]
[PlyCount "25"]
[EventDate "2018.10.05"]
[EventType "swiss"]
[EventCountry "IND"]
[SourceTitle "playchess.com"]
[Source "ChessBase"]
[SourceQuality "1"]

{[%evp 20,25,-44,-54,-12,-16,-11,-26]} 1. Nf3 Nf6 2. g3 d5 3. Bg2 e6 4. O-O Be7 5. d3 O-O 6. Nbd2 c5 7. e4 Nc6 8. e5 Nd7 9. Re1 b5 10. Nf1 a5 {C00: French: Unusual White 2nd moves} (10... Bb7 11. h4 Qc7 12. Bf4 Rfc8 13. Ne3 Qd8 14. Ng4 Bf8 15. Bg5 Qe8 16. c3 h6 17. Bf4 a5 18. Qd2 b4 19. c4 Ne7 20. h5 {1-0 (59) Kuzubov,Y (2699)-Grischuk,A (2772) Riadh 2017}) 11. Bf4 {LiveBook: 8 Games} c4 12. d4 b4 13. c3 $146 ({Predecessor:} 13. h4 Rb8 14. Ne3 b3 15. axb3 cxb3 16. c3 Ba6 17. h5 Nb6 18. Nd2 {1-0 (30) Samolins,V (2256)-Kaamu,J Turin 2006}) *